<?xml version="1.0" encoding="UTF-8"?>
<record
    xmlns:xsi="http://www.w3.org/2001/XMLSchema-instance"
    xsi:schemaLocation="http://www.loc.gov/MARC21/slim http://www.loc.gov/standards/marcxml/schema/MARC21slim.xsd"
    xmlns="http://www.loc.gov/MARC21/slim">

  <leader>00507nam a22001697a 4500</leader>
  <controlfield tag="003">OSt</controlfield>
  <controlfield tag="005">20140310182326.0</controlfield>
  <controlfield tag="008">130320t        xxu||||| |||| 00| 0 eng d</controlfield>
  <datafield tag="020" ind1=" " ind2=" ">
    <subfield code="a">0839713320</subfield>
  </datafield>
  <datafield tag="050" ind1=" " ind2=" ">
    <subfield code="a">NC 1429</subfield>
    <subfield code="b">.D363A4 1979</subfield>
  </datafield>
  <datafield tag="082" ind1=" " ind2=" ">
    <subfield code="a">NC1429</subfield>
    <subfield code="b">.D363 A4 1979</subfield>
  </datafield>
  <datafield tag="245" ind1=" " ind2=" ">
    <subfield code="a">An unexbeargated, compbearhensive, incombearable book of celebearties &amp; other bears </subfield>
    <subfield code="c">Phyllis Demong</subfield>
  </datafield>
  <datafield tag="260" ind1=" " ind2=" ">
    <subfield code="a">Middlebury, Vt </subfield>
    <subfield code="b">P. S. Eriksson</subfield>
    <subfield code="c">1979 </subfield>
  </datafield>
  <datafield tag="300" ind1=" " ind2=" ">
    <subfield code="c">21 cm</subfield>
    <subfield code="b">ill. ;</subfield>
  </datafield>
  <datafield tag="942" ind1=" " ind2=" ">
    <subfield code="2">lcc</subfield>
    <subfield code="c">BK-GS</subfield>
  </datafield>
  <datafield tag="999" ind1=" " ind2=" ">
    <subfield code="c">11898</subfield>
    <subfield code="d">11898</subfield>
  </datafield>
  <datafield tag="952" ind1=" " ind2=" ">
    <subfield code="0">0</subfield>
    <subfield code="1">0</subfield>
    <subfield code="2">lcc</subfield>
    <subfield code="4">0</subfield>
    <subfield code="a">LUX</subfield>
    <subfield code="b">LUX</subfield>
    <subfield code="c">GS</subfield>
    <subfield code="d">2013-09-21</subfield>
    <subfield code="l">0</subfield>
    <subfield code="o">NC 1429 .D363A4 1979</subfield>
    <subfield code="p">10495</subfield>
    <subfield code="r">2013-09-21 00:00:00</subfield>
    <subfield code="t">1</subfield>
    <subfield code="w">2013-09-21</subfield>
    <subfield code="y">BK</subfield>
  </datafield>
</record>
